| 000 | 00461cam a22001577a 4500 | ||
|---|---|---|---|
| 008 | 180718b2007 xxu||||| |||| 00| 0 eng d | ||
| 020 | _a1405152400 | ||
| 082 | _aC41 M279 | ||
| 100 | _aMohaney, Jack | ||
| 245 |
_aChallenge of human rights: origin, development, and significance _cby Jack Mohaney |
||
| 260 |
_aMalden _bBlackwell _c2007 |
||
| 300 | _a215p. | ||
| 650 | _aHuman rights --Philosophy | ||
| 650 | _aHuman rights --History | ||
| 650 | _aHuman rights | ||
| 999 |
_c406934 _d406934 |
||